<?xml version="1.0" encoding="UTF-8"?>
<collection xmlns:xsi="http://www.w3.org/2001/XMLSchema-instance" xsi:schemaLocation="http://www.loc.gov/MARC21/slim http://www.loc.gov/standards/marcxml/schema/MARC21slim.xsd" xmlns="http://www.loc.gov/MARC21/slim">
 <record>
  <leader>00000cmm a22000004i 4500</leader>
  <controlfield tag="001">UP-99796217611116075</controlfield>
  <controlfield tag="003">Buklod</controlfield>
  <controlfield tag="005">20140214092458.0</controlfield>
  <controlfield tag="006">m    go  j        </controlfield>
  <controlfield tag="007">cr |n |||auu|a</controlfield>
  <controlfield tag="008">110525s2011    xxk        u |      eng d</controlfield>
  <datafield tag="020" ind1=" " ind2=" ">
   <subfield code="a">9780857294395 (eBook)</subfield>
  </datafield>
  <datafield tag="020" ind1=" " ind2=" ">
   <subfield code="a">0857294393 (eBook)</subfield>
  </datafield>
  <datafield tag="035" ind1=" " ind2=" ">
   <subfield code="a">(iLib)UPD-00212406070</subfield>
  </datafield>
  <datafield tag="040" ind1=" " ind2=" ">
   <subfield code="a">DLCS</subfield>
   <subfield code="d">DML</subfield>
  </datafield>
  <datafield tag="041" ind1="0" ind2=" ">
   <subfield code="a">eng</subfield>
  </datafield>
  <datafield tag="042" ind1=" " ind2=" ">
   <subfield code="a">DMLUC</subfield>
  </datafield>
  <datafield tag="084" ind1=" " ind2=" ">
   <subfield code="a">Q 180.55 E4</subfield>
   <subfield code="b">G85 2011eb</subfield>
  </datafield>
  <datafield tag="245" ind1="0" ind2="0">
   <subfield code="a">Guide to e-science</subfield>
   <subfield code="h">[electronic resource]</subfield>
   <subfield code="b">next generation scientific research and discovery</subfield>
   <subfield code="c">Xiaoyu Yang, Lizhe Wang, Wei Jie (Editors).</subfield>
  </datafield>
  <datafield tag="264" ind1=" " ind2="1">
   <subfield code="a">London</subfield>
   <subfield code="b">Springer</subfield>
   <subfield code="c">c2011.</subfield>
  </datafield>
  <datafield tag="300" ind1=" " ind2=" ">
   <subfield code="a">1 online resource (xxvii, 538 p.)</subfield>
  </datafield>
  <datafield tag="505" ind1="0" ind2=" ">
   <subfield code="a">Part I: Sharing and Open Research -- Implementing a Grid / Cloud e-Science Infrastructure for Hydrological Sciences -- The German Grid Initiative -- Democratizing Resource-Intensive e-Science Through Peer-to-Peer Grid Computing -- Peer4Peer: E-science Communities for Overlay Network and Grid Computing Research -- Part II: Data-Intensive e-Science -- A Multi-Disciplinary, Model-Driven, Distributed Science Data System Architecture -- An Integrated Ontology Management and Data Sharing Framework for Large-Scale Cyberinfrastructure -- Part III: Collaborative Research -- An e-Science Cyberinfrastructure for Solar-enabled Water Production and Recycling -- e-Science Infrastructure Interoperability Guide -- Trustworthy Distributed Systems Through Integrity-Reporting -- An Intrusion Diagnosis Perspective on Cloud Computing -- Part IV: Research Automation, Reusability, Reproducibility and Repeatability -- Conventional Workflow Technology for Scientific Simulation -- Facilitating E-Science Discovery Using Scientific Workflows on the Grid -- Concepts and Algorithms of Mapping Grid-Based Workflows to Resources Within an SLA Context -- Orchestrating e-Science with the Workflow Paradigm -- Part V: e-Science: Easy Science -- Face Recognition using Global and Local Salient Features -- OGSA-Based SOA for Collaborative Cancer Research -- e-Science.</subfield>
  </datafield>
  <datafield tag="506" ind1=" " ind2=" ">
   <subfield code="a">IP-based subscription, access limited to within on-campus computer network.</subfield>
   <subfield code="c">Access via Electronic Resources of the UPD University Library Website.</subfield>
  </datafield>
  <datafield tag="520" ind1=" " ind2=" ">
   <subfield code="a">The way in which scientific research is carried out is undergoing a series of radical changes, worldwide, as a result of the digital revolution. However, this ?Science 2.0? requires a comprehensive supporting cyber-infrastructure. This essential guidebook on e-science presents real-world examples of practices and applications, demonstrating how a range of computational technologies and tools can be employed to build essential infrastructures supporting next-generation scientific research. Each chapter provides introductory material on core concepts and principles, as well as descriptions and discussions of relevant e-science methodologies, architectures, tools, systems, services and frameworks. The guide?s explanations and context present a broad spectrum of different e-science system requirements. Topics and features: Includes contributions from an international selection of preeminent e-science experts and practitioners Discusses use of mainstream grid computing and peer-to-peer grid technology for ?open? research and resource sharing in scientific research Presents varied methods for data management in data-intensive research Investigates issues of e-infrastructure interoperability, security, trust and privacy for collaborative research Examines workflow technology for the automation of scientific processes, and that ensures the research can be reusable, reproducible and repeatable Describes applications of e-science, highlighting systems used in the fields of biometrics, clinical medicine, and ecology This highly practical text/reference is a ?must-have, must-use? resource for both IT professionals and academic researchers. Graduate students will also benefit from the experiences and viewpoints shared by the authors on this important subject, as well as the instructional nature of this guidebook. Dr. Xiaoyu Yang is a research engineer in the School of Electronics and Computer Science at the University of Southampton, UK. Dr. Lizhe Wang is a research scientist in the Pervasive Technology Institute at Indiana University, Bloomington, IN, USA. Dr. Wei Jie is a lecturer in the School of Computing at Thames Valley University, London, UK.</subfield>
  </datafield>
  <datafield tag="533" ind1=" " ind2=" ">
   <subfield code="a">Electronic reproduction.</subfield>
   <subfield code="b">New York</subfield>
   <subfield code="c">SpringerLink</subfield>
   <subfield code="d">2011.</subfield>
   <subfield code="n">Available via World Wide Web through SpringerLink.</subfield>
  </datafield>
  <datafield tag="650" ind1=" " ind2="0">
   <subfield code="a">Research</subfield>
   <subfield code="x">Data processing</subfield>
   <subfield code="v">Handbooks, manuals, etc.</subfield>
  </datafield>
  <datafield tag="650" ind1=" " ind2="0">
   <subfield code="a">Electronic books.</subfield>
  </datafield>
  <datafield tag="700" ind1="1" ind2=" ">
   <subfield code="a">Yang, Xiaoyu.</subfield>
  </datafield>
  <datafield tag="700" ind1="1" ind2=" ">
   <subfield code="a">Wang, Lizhe.</subfield>
  </datafield>
  <datafield tag="700" ind1="1" ind2=" ">
   <subfield code="a">Jie, Wei.</subfield>
  </datafield>
  <datafield tag="710" ind1="2" ind2=" ">
   <subfield code="a">SpringerLink (Online service).</subfield>
  </datafield>
  <datafield tag="856" ind1="4" ind2="0">
   <subfield code="z">Available for University of the Philippines Diliman via SpringerLink. Click here to access</subfield>
   <subfield code="u">http://link.springer.com/book/10.1007/978-0-85729-439-5</subfield>
  </datafield>
  <datafield tag="856" ind1=" " ind2=" ">
   <subfield code="z">(viewed 3 September  2014)</subfield>
  </datafield>
  <datafield tag="905" ind1=" " ind2=" ">
   <subfield code="a">FO</subfield>
  </datafield>
  <datafield tag="950" ind1=" " ind2=" ">
   <subfield code="a">Monograph</subfield>
  </datafield>
  <datafield tag="852" ind1="0" ind2=" ">
   <subfield code="a">UPD</subfield>
   <subfield code="b">DMLR</subfield>
  </datafield>
  <datafield tag="942" ind1=" " ind2=" ">
   <subfield code="a">Electronic Resource</subfield>
  </datafield>
 </record>
</collection>
